| 000 | 00597cam a22002051 4500 | ||
|---|---|---|---|
| 001 | sa 64004684 | ||
| 003 | DLC | ||
| 005 | 20260227112027.0 | ||
| 008 | 720612s1963 xx 000 0 ind | ||
| 010 | _asa 64004684 | ||
| 035 | _a(OCoLC)329795 | ||
| 040 |
_aDLC _cOAU _dDLC |
||
| 042 | _apremarc | ||
| 050 | 0 | 0 |
_aUA853.I5 _bN27 |
| 100 | 1 |
_aNasution, Abdul Haris, _d1918-2000. |
|
| 245 | 1 | 0 |
_aMenudju tentera rakjat; _chasil karya dan pikiran A. H. Nasution. |
| 260 |
_a[Djakarta] _bJajasan Penerbit Minang _c[1963?] |
||
| 300 |
_a256 p. _bport. _c20 cm. |
||
| 610 | 1 | 0 |
_aIndonesia. _bAngkatan Perang. |
| 999 |
_c58689 _d58689 |
||